| 000 -ლიდერი |
| ფიქსირებული სიგრძის საკონტროლო ველი |
00887nam a22001817a 4500 |
| 003 - საკონტროლო ნომრის იდენტიფიკატორი |
| საკონტროლო ველი |
Ge_BSU |
| 005 - ბოლო ოპერაციის თარიღი და დრო |
| საკონტროლო ველი |
20230530113940.0 |
| 008 - ფიქსირებული სიგრძის მონაცემთა ელემენტები - ზოგადი ინფორმაცია |
| ფიქსირებული სიგრძის საკონტროლო ველი |
230530s1952 ge ||||| |||| 00| 0 geo d |
| 041 ## - ენის კოდი |
| Language code of text/sound track or separate title |
geo |
| 080 ## - უნივერსალური ათობითი კლასიფიკაციის ინდექსი |
| Universal Decimal Classification number |
902(479.22) ლ-82 |
| 100 ## - მთავარი ჩანაწერი - პიროვნების სახელი |
| Personal name |
ლომთათიძე, გ. |
| 9 (RLIN) |
17832 |
| 245 ## - ცნობა სათაურის შესახებ |
| Title |
წინაპართა ნაკვალევი : |
| Remainder of title |
საქართველოს არქეოლოგიის ნარკვევები / |
| Statement of responsibility, etc |
გ. ლომთათიძე; რედ. ალ. კალანდაძე. |
| 264 ## - წარმოების, გამოცემის, დისტრიბუციის და სხვა ცნობები |
| გამოცემის, წარმოების, დისტრიბუციის... ადგილი |
თბილისი : |
| გამოცემის, წარმოების, დისტრიბუციის... სახელწოდება |
საბლიტგამი, |
| გამოცემის, წარმოების, დისტრიბუციის... თარიღი |
1952. |
| 300 ## - ფიზიკური აღწერა |
| Extent |
208 გვ. : |
| Other physical details |
ილ.; 1 ფურც. ილ. ; |
| Dimensions |
24 სმ. |
| 653 ## - INDEX TERM--UNCONTROLLED |
| Uncontrolled term |
არქეოლოგია საქართველოში |
| 700 ## - ADDED ENTRY--PERSONAL NAME |
| Personal name |
კალანდაძე, ალ. |
| Relator term |
რედაქტორი |
| 9 (RLIN) |
3442 |
| 942 ## - ADDED ENTRY ELEMENTS (KOHA) |
| Source of classification or shelving scheme |
|
| Koha item type |
წიგნი |